| 000 | 00680nam a2200217Ia 4500 | ||
|---|---|---|---|
| 999 |
_c3334 _d3334 |
||
| 020 | _a6.90651000500695E+018 | ||
| 082 | _a307.76 AND-; | ||
| 100 | _aAndersen, Hans Skifter | ||
| 245 | 0 | _aUrban Sores: on the interaction between segragation, urban decay and deprived neighbourhoods | |
| 260 |
_aAldershot _bAshgate Publishing _c2003 |
||
| 300 | _aix, 202p. | ||
| 440 | _aUrban and regional planning and development | ||
| 504 | _aIncludes bibliography and index | ||
| 650 | _aCities and towns | ||
| 650 | _aNeighborhood | ||
| 650 | _aSegragation in housing | ||
| 650 | _aSlums - Dwellings | ||
| 650 | _aDiscrimination in housing | ||
| 650 | _aUrban renewal | ||
| 942 | _cBK | ||